<?xml version="1.0" encoding="UTF-8"?>
<record
    xmlns:xsi="http://www.w3.org/2001/XMLSchema-instance"
    xsi:schemaLocation="http://www.loc.gov/MARC21/slim http://www.loc.gov/standards/marcxml/schema/MARC21slim.xsd"
    xmlns="http://www.loc.gov/MARC21/slim">

  <leader>00930nam a2200253 a 4500</leader>
  <controlfield tag="001">000024790</controlfield>
  <controlfield tag="005">20240302073957.0</controlfield>
  <controlfield tag="008">110204s2000    dr a          000 0 spa d</controlfield>
  <datafield tag="020" ind1=" " ind2=" ">
    <subfield code="a">9993483435</subfield>
  </datafield>
  <datafield tag="040" ind1=" " ind2=" ">
    <subfield code="a">DO-SdBNP</subfield>
    <subfield code="b">spa</subfield>
    <subfield code="c">BNPHU</subfield>
  </datafield>
  <datafield tag="082" ind1=" " ind2=" ">
    <subfield code="a">923.57293</subfield>
    <subfield code="b">G633C</subfield>
  </datafield>
  <datafield tag="100" ind1="1" ind2=" ">
    <subfield code="a">Cass&#xE1;, Roberto, </subfield>
    <subfield code="d">1948-</subfield>
    <subfield code="9">10888</subfield>
  </datafield>
  <datafield tag="245" ind1="1" ind2="0">
    <subfield code="a">M&#xE1;ximo G&#xF3;mez :</subfield>
    <subfield code="b">libertador de Cuba /</subfield>
    <subfield code="c">Roberto Cass&#xE1; ; ilustraci&#xF3;n Ramiro Manzano.</subfield>
  </datafield>
  <datafield tag="260" ind1=" " ind2=" ">
    <subfield code="a">Santo Domingo :</subfield>
    <subfield code="b">Tobog&#xE1;n,</subfield>
    <subfield code="c">2000.</subfield>
    <subfield code="f">Alfa y Omega</subfield>
  </datafield>
  <datafield tag="300" ind1=" " ind2=" ">
    <subfield code="a">65 p. :</subfield>
    <subfield code="b">il. ;</subfield>
    <subfield code="c">21 cm.</subfield>
  </datafield>
  <datafield tag="490" ind1="1" ind2=" ">
    <subfield code="a">Bibliograf&#xED;as dominicanas Tobog&#xE1;n ;</subfield>
  </datafield>
  <datafield tag="590" ind1=" " ind2=" ">
    <subfield code="a">Inventariado, 2018/ YL</subfield>
  </datafield>
  <datafield tag="600" ind1="1" ind2="0">
    <subfield code="a">G&#xF3;mez, M&#xE1;ximo,</subfield>
    <subfield code="d">1836-1905</subfield>
    <subfield code="9">12249</subfield>
  </datafield>
  <datafield tag="651" ind1=" " ind2="1">
    <subfield code="a">Cuba</subfield>
    <subfield code="x">Historia</subfield>
    <subfield code="y">GUERRA DE INDEPENDENCIA, 1895-1898</subfield>
    <subfield code="9">11019</subfield>
  </datafield>
  <datafield tag="651" ind1=" " ind2="4">
    <subfield code="a">Rep&#xFA;blica Dominicana</subfield>
    <subfield code="x">Historia</subfield>
    <subfield code="9">170</subfield>
  </datafield>
  <datafield tag="700" ind1="1" ind2=" ">
    <subfield code="a">Manzano, Ramiro,</subfield>
    <subfield code="e">il.</subfield>
    <subfield code="9">768</subfield>
  </datafield>
  <datafield tag="830" ind1=" " ind2="0">
    <subfield code="a">Biograf&#xED;as dominicanas Tobog&#xE1;n</subfield>
    <subfield code="9">769</subfield>
  </datafield>
  <datafield tag="910" ind1=" " ind2=" ">
    <subfield code="a">Validado. Control de calidad MMOLINA</subfield>
  </datafield>
  <datafield tag="952" ind1=" " ind2=" ">
    <subfield code="0">0</subfield>
    <subfield code="1">0</subfield>
    <subfield code="2">ddc</subfield>
    <subfield code="5">1</subfield>
    <subfield code="7">0</subfield>
    <subfield code="8">PD</subfield>
    <subfield code="a">BNPHU</subfield>
    <subfield code="b">BNPHU</subfield>
    <subfield code="c">HD</subfield>
    <subfield code="d">2011-02-04</subfield>
    <subfield code="l">0</subfield>
    <subfield code="o">923.57293 G633m</subfield>
    <subfield code="p">24790-10</subfield>
    <subfield code="r">2020-06-25</subfield>
    <subfield code="w">2020-06-25</subfield>
    <subfield code="y">LBS1</subfield>
  </datafield>
  <datafield tag="999" ind1=" " ind2=" ">
    <subfield code="c">24283</subfield>
    <subfield code="d">24283</subfield>
  </datafield>
</record>
